<?xml version="1.0" encoding="UTF-8"?>
<record
    xmlns:xsi="http://www.w3.org/2001/XMLSchema-instance"
    xsi:schemaLocation="http://www.loc.gov/MARC21/slim http://www.loc.gov/standards/marcxml/schema/MARC21slim.xsd"
    xmlns="http://www.loc.gov/MARC21/slim">

  <leader>00456nam a2200157 a 4500</leader>
  <controlfield tag="005">20140513081048.0</controlfield>
  <controlfield tag="008">020925s19uu    xx            00    eng d</controlfield>
  <datafield tag="050" ind1=" " ind2=" ">
    <subfield code="a">MAP</subfield>
    <subfield code="b">WOR 2001</subfield>
  </datafield>
  <datafield tag="245" ind1=" " ind2=" ">
    <subfield code="a">World map :</subfield>
    <subfield code="b">nations of the world facts and figure.</subfield>
  </datafield>
  <datafield tag="250" ind1=" " ind2=" ">
    <subfield code="a">2001 Ed.</subfield>
  </datafield>
  <datafield tag="260" ind1=" " ind2=" ">
    <subfield code="a">Quezon city, Philippines :</subfield>
    <subfield code="b">Prostyle Grafix,</subfield>
    <subfield code="c">2001.</subfield>
  </datafield>
  <datafield tag="300" ind1=" " ind2=" ">
    <subfield code="a">back to back pages</subfield>
  </datafield>
  <datafield tag="500" ind1=" " ind2=" ">
    <subfield code="a">includes world facts and figures</subfield>
  </datafield>
  <datafield tag="650" ind1=" " ind2=" ">
    <subfield code="a">Maps</subfield>
  </datafield>
  <datafield tag="999" ind1=" " ind2=" ">
    <subfield code="c">116238</subfield>
    <subfield code="d">116238</subfield>
  </datafield>
  <datafield tag="952" ind1=" " ind2=" ">
    <subfield code="0">0</subfield>
    <subfield code="1">0</subfield>
    <subfield code="4">0</subfield>
    <subfield code="5">0</subfield>
    <subfield code="a">EL</subfield>
    <subfield code="b">EL</subfield>
    <subfield code="c">KIT</subfield>
    <subfield code="d">2002-09-25</subfield>
    <subfield code="e">Lib. Fund</subfield>
    <subfield code="g">13.50</subfield>
    <subfield code="l">0</subfield>
    <subfield code="o">MAP WOR 2001</subfield>
    <subfield code="p">E200</subfield>
    <subfield code="r">2014-05-13 00:00:00</subfield>
    <subfield code="w">2014-05-13</subfield>
    <subfield code="y">KIT</subfield>
  </datafield>
</record>
